000 00367nam a22001457a 4500
003 OSt
005 20160727222346.0
008 160621b xxu||||| |||| 00| 0 eng d
040 _cTest
100 _9244
_aSachar, L
245 _aMarvin Redpost
_bKidnapped at Birth?
260 _aN.Y
_b Scholastic
_c1992
300 _aMarvin Redpost:Kidnapped at Birth?
942 _2ddc
_cBK
999 _c196
_d196